Banner

Las transformaciones del derecho mercantil moderno / (Record no. 682)

MARC details
000 -LEADER
campo de control de longitud fija 00988nam a22003017a 4500
001 - NÚMERO DE CONTROL
campo de control 003364
003 - IDENTIFICADOR DE NÚMERO DE CONTROL
campo de control CoMeUDC003364
005 - FECHA Y HORA DE LA ÚLTIMA TRANSACCIÓN
campo de control 20190114183656.0
008 - DATOS DE LONGITUD FIJA--INFORMACIÓN GENERAL
campo de control de longitud fija 130821s1988 ck gr spa
040 ## - FUENTE DE CATALOGACIÓN
Centro catalogador/agencia de origen Co-BoUCM
Lengua de catalogación spa
Centro/agencia transcriptor CoMeUDC
041 00 - CÓDIGO DE IDIOMA
Código de lengua del texto/banda sonora o título independiente spa
082 ## - NÚMERO DE LA CLASIFICACIÓN DECIMAL DEWEY
Número de clasificación 346.07
Número de ítem E18t
092 ## - ASIGNACIÓN LOCAL DE SIGNATURA TOPOGRÁFICA DEWEY (OCLC)
Número de clasificación FRA 000004 1a. ed
245 04 - MENCIÓN DEL TÍTULO
Título Las transformaciones del derecho mercantil moderno /
Mención de responsabilidad, etc. Hernando Devis Echandia... [et al.]
250 ## - MENCION DE EDICION
Mención de edición 1a. ed
260 ## - PUBLICACIÓN, DISTRIBUCIÓN, ETC.
Lugar de publicación, distribución, etc. Medellín (Antioquia, Colombia) :
Nombre del editor, distribuidor, etc. Biblioteca Jurídica Dike,
Fecha de publicación, distribución, etc. 1988.
300 ## - DESCRIPCIÓN FÍSICA
Extensión 435 páginas.
500 ## - NOTA GENERAL
Nota general Incluye índice. -- Este libro se encuentra en el depósito de la biblioteca.
650 04 - PUNTO DE ACCESO ADICIONAL DE MATERIA--TÉRMINO DE MATERIA
Término de materia o nombre geográfico como elemento de entrada Derecho comercial
9 (RLIN) 12717
650 04 - PUNTO DE ACCESO ADICIONAL DE MATERIA--TÉRMINO DE MATERIA
Término de materia o nombre geográfico como elemento de entrada Derecho comercial
Subdivisión geográfica Colombia
9 (RLIN) 12717
650 04 - PUNTO DE ACCESO ADICIONAL DE MATERIA--TÉRMINO DE MATERIA
Término de materia o nombre geográfico como elemento de entrada Fiducia
9 (RLIN) 15687
650 04 - PUNTO DE ACCESO ADICIONAL DE MATERIA--TÉRMINO DE MATERIA
Término de materia o nombre geográfico como elemento de entrada Fiducia
Subdivisión geográfica Colombia
9 (RLIN) 15687
650 04 - PUNTO DE ACCESO ADICIONAL DE MATERIA--TÉRMINO DE MATERIA
Término de materia o nombre geográfico como elemento de entrada Prueba documental
9 (RLIN) 22736
650 04 - PUNTO DE ACCESO ADICIONAL DE MATERIA--TÉRMINO DE MATERIA
Término de materia o nombre geográfico como elemento de entrada Simulación (Derecho)
651 ## - PUNTO DE ACCESO ADICIONAL DE MATERIA--NOMBRE GEOGRÁFICO
Nombre geográfico Colombia
9 (RLIN) 26606
700 ## - ENTRADA AGREGADA--NOMBRE PERSONAL
Nombre de persona Devis Echandia, Hernando
942 ## - ELEMENTOS DE ENTRADA SECUNDARIOS (KOHA)
Tipo de ítem Koha Libros
Código de la institución [OBSOLETO] 27
Edición 1
Suprimir en OPAC No
Fuente del sistema de clasificación o colocación Clasificación Decimal Dewey
Holdings
Estatus retirado Estado de pérdida Fuente del sistema de clasificación o colocación Estado de daño No para préstamo Colección Biblioteca de origen Biblioteca actual Fecha de adquisición Fuente de adquisición Signatura topográfica completa Código de barras Visto por última vez Copia número Precio de reemplazo Tipo de ítem Koha
    Clasificación Decimal Dewey     Colección general U DE COLOMBIA - Biblioteca U DE COLOMBIA - Biblioteca 14/01/2019 Compra 346.07 E18t 003364 14/01/2019 1 14/01/2019 Libros


Biblioteca Académica Corporación Universitaria U DE COLOMBIA | Teléfono: +(57) (4) 2398080 ext. 1112 | E-mail: biblioteca@udecolombia.edu.co | Dirección: Calle 56 Nº 41 – 147 (Bolivia con Girardot)
Horario de atención: lunes a viernes 8:00 a.m. a 8:00 p.m. - sábados 8:00 a.m. a 4:00 p.m.
Implementado por Grupo EGS.

Powered by Koha